Trata de personas : la criminalidad organizada en la explotación laboral y sexual /

Guardado en:
Autor Principal: Aboso, Gustavo Eduardo
Formato: Libro
Idioma:Spanish
Publicado: Buenos Aires : B de f, 2013
Edición:1a. ed.
Materias:
Etiquetas: Agregar Etiqueta
Sin Etiquetas, Sea el primero en etiquetar este registro!
LEADER 00774nam a22002415a 4500
001 DER.der013535
008 180615s2013####ag#||||||||||||||#||spa||
005 20240311091144.0
245 1 0 |a Trata de personas :  |b la criminalidad organizada en la explotación laboral y sexual /  |c Gustavo Eduardo Aboso. 
250 |a 1a. ed. 
260 |a Buenos Aires :  |b B de f,  |c 2013 
300 |a 245 p. 
020 |a 9789974708068 
100 1 |a Aboso, Gustavo Eduardo 
650 7 |a ESCLAVITUD 
650 7 |a PROTECCION INTEGRAL DE LAS PERSONAS 
650 7 |a EXPLOTACION HUMANA 
650 7 |a PROSTITUCION AJENA 
650 7 |a EXPLOTACION TRABAJO INFANTIL 
650 7 |a TRAFICO DE ORGANOS 
650 7 |a PARTICIPACION CRIMINAL 
650 7 |a SERVIDUMBRE 
859 |a DERECHO  |b BIB. DERECHO  |h 345  |i ABO  |p 008530